Medagliere Snowboard ai Giochi Olimpici - Statistics

Statistiche generali
  • Questo quiz è stato fatto 13 volte
  • Il punteggio medio è 12 su 16
Statistiche sulle risposte
Medaglie complessive Medaglie d'Oro Medaglie d'Argento Medaglie di Bronzo Rappresentativa olimpica % Corretto
5 1 2 2 Italia
100%
35 17 8 10 Stati Uniti
100%
11 5 2 4 Austria
92%
13 4 5 4 Francia
92%
5 0 4 1 Norvegia
92%
5 2 2 1 Russia
92%
3 1 1 0 Cina
83%
7 1 4 2 Germania
83%
14 8 2 4 Svizzera
83%
6 1 3 2 Australia
75%
17 5 5 7 Canada
75%
4 0 2 2 Finlandia
75%
7 1 3 3 Giappone
75%
5 0 2 3 Slovenia
50%
3 1 1 1 Nuova Zelanda
33%
4 3 0 1 Repubblica Ceca
33%
Nessun quiz corrispondente trovato
Distribuzione punteggi
Percentuale di utenti per punteggio
Percentile per numero di risposta
I tuoi punteggi nel tempo
Non hai fatto questo quiz